000 01038nam a2200193 i 4500
001 185718
003 ES-MaACL
005 20250728110720.0
008 160804s1862 ger |||| | eng d
245 0 0 _aEssays and reviews.
260 _aLeipzig :
_bBernhard Tauchnitz,
_c[1862]
300 _a375 p. ;
_c16 cm.
490 1 _aCollection of British Authors ;
_v613
505 8 _aContiene: The education of the world / by Frederick Temple. - Bunsen's biblical researches / by Rowland Williams. - On the study of the evidences of Christianity / by Baden Powell. - Séances historiques de Genève. - The national church / by Henry Bristow Wilson. - On the Mosaic cosmogony / by C. W. Goodwin. - Tendencies of religious thought in England, 1688-1750 / by Mark Pattison. - On the interpretation of scripture / by Benjamin Jowett. - Note on Bunsen's biblical researches
650 0 7 _aReligión
_2embne
_916797
830 0 _aCollection of British Authors ;
_v613
_9180703
852 _aES-MaACL
_jG-12841
999 _c185718
_d185718